Quizzes
Events
Quiz Creation
Community
Videos
Private Events
Remove Ads
Sign In
Join for FREE
Feedback
Dark Mode
Quiz Categories
Sports
Geography
Music
Movies
Television
Just For Fun
Miscellaneous
History
Literature
Language
Science
Gaming
Entertainment
Religion
Holiday
For Kids
Quiz Lab
Recent
Popular Today
Quiz Kudos Today
Editor Picks
Curator Picks
Quizzes by...
Day
Popularity
Type
Ratings
Length
Year
Community
Subscriptions
Recent Discussions
Orange Saloon
Badges
Playlists
Quests
Create
Leaderboards
Showdown
Live 5
Trivia Bingo
Activity
Puzzle Library
Sporcle Events
Private Events
Virtual Trivia
Globe League
Become a Host
Pub Owners
SporcleCon
Opinionation
Our Games
Videos
Blog
Mobile Apps
Partnerships
Remove Ads and Go Orange
Feedback
Geography
Country
Landmarks
City
State
Population
World
Capital
Continent
Flags
Europe
Africa
Asia
South America
North America
Oceania
Border
Canada
United Kingdom
Topography
United States
Geography
Country
Landmarks
City
State
Population
World
Capital
Continent
Flags
Europe
Africa
Asia
South America
North America
Oceania
Border
Canada
United Kingdom
Topography
United States
Random Quiz
Search Sporcle
×
Quiz Lab
Quiz Lab
Geography
Population
Type in answers that appear in a list
Type in answers that appear in a list
Classic
Best Score? Go Orange.
Australian States & Territories Stats
Name the states and territories of Australia.
By
LekgoloSlayer
4m
16 Questions
38 Plays
38 Plays
38 Plays
Comments
Comments
Give Quiz Kudos
Give Quiz Kudos
-
- Ratings
hide this ad
More Info
Replay
Link that replays current quiz
Next Quiz
Link to next quiz in quiz playlist
You Got
0%
They Got
Avg Score
63%
Avg Friend Score
Upgrade to see
Score Distribution
Jump to the score distribution portion of the page
Score
0/16
Timer
04:00
0
Plays Today
Population
State/Territory
% Correct
518,500
Tasmania
94.7%
6,039,100
Victoria
92.1%
2,613,700
Western Australia
92.1%
7,704,300
New South Wales
89.5%
1,706,500
South Australia
89.5%
244,000
Northern Territory
84.2%
4,827,000
Queensland
81.6%
397,397
Australian Capital Territory (ACT)
81.6%
Population
State/Territory
% Correct
2,072
Christmas Island (Kirimati)
63.2%
2,302
Norfolk Island
47.4%
391
Jervis Bay Territory
44.7%
1,000 (Not Permanent)
Australian Antarctic Territory (AAT)
36.8%
None
Ashmore and Cartier Islands
36.8%
None
Coral Sea Islands
34.2%
596
Cocos (Keeling) Islands
28.9%
None
Heard Island and McDonald Islands
21.1%
Quiz Playlist
Details
Report
Send in Message
Add To Playlist
More Info:
Any suggestions/alternate spellings are greatly appreciated.
Classic:
Type in answers that appear in a list
Quiz Source
Last Updated: Apr 26, 2019
Quiz Scoreboard
CHALLENGE
Sign Up to Join the Scoreboard
Show All
Scores
Hide
Comments
May contain spoilers
Recently Published
Movies - When Are They Set?
by FPL_Elf
Movies
5m
Popular People in 1961
by mucciniale
History
6m
1-10 Letter E Words III
by El_Dandy
Language
2m
More to Explore
Quiz From the Vault
Featured Blog Post
Where Did the Easter Bunny Come From?
hide this ad
You Might Also Like...
Tags
Population Quiz
State Quiz
Australia
Australia States
Territory
Today's Top Quizzes in Geography
Browse Geography
hide this ad
Today's Top Quizzes in Population
Browse Population
Top Contributed Quizzes in Geography
1
Countries of the World - No Outlines Minefield
2
Top 25 Cities of France on a map
3
Closest Countries to UK A-Z
4
One Thing in Common: United Kingdom
5
Blind Secret Country CLXXXVIII
6
Blind Ultimate Minefield: USA
7
African Flag Reveal XLV
8
Find the US States - No Outlines
9
One Thing in Common: Asia
10
Find the Provinces of Canada - No Outlines Minefield
Explore More
Trending Topics
NBA
Harry Potter
Crossword
Kpop
Marvel
Disney
Anime
WWE
Puzzle
The Office
Pokémon
Song
Country
NFL
Soccer
hide this ad
More By:
LekgoloSlayer
Quiz
Plays
Rating
Category
Featured
Created
Divisions of Bangladesh on a Map
16,984
4.80
Geography
Sep 26, 2017
France Departments (Map)
7,729
5.00
Geography
Jun 22, 2018
Russian Federal Subjects (Map)
5,152
4.94
Geography
Sep 19, 2017
Spain Provinces (Map)
4,460
4.38
Geography
Apr 9, 2018
Japanese Regions (Map)
3,621
5.00
Geography
Sep 21, 2017
Go to Creator's Profile
Score Distribution
Quiz Creator Spotlight
LekgoloSlayer
Follow
Send a Message
Quizzes Created
-
Created Quiz Play Count
-
More By This Creator
Popular Quizzes Today
1
Find the Countries of Europe - No Outlines Minefield
2
Find the US States - No Outlines Minefield
3
The Countries of the World
4
Popular People in 1961
5
US States
6
1-10 Letter E Words III
7
Find the US States
8
One Thing in Common: World Cities II
More Geography Quizzes
S. America's Largest Cities
Published
Trending Quizzes
Risky Map Clicking: Least Populous States A-Z
1-10 Letter F Words
Humor Books: The Subtitles
1-10 Letter G Words
One Thing in Common: United Kingdom
Recently Updated
Leaping Animals
pecheneg
Reality TV Shows (A-Z)
bhenderson79
Rickey Henderson's Hall of Fame Teammates
pecheneg
Champions League XIs: Arsenal
pecheneg
Quick Pick: Celebrities in WWE's Hall of Fame
aduchscher
A-Z Keypad Blitz II
pecheneg
Multiple Oscar Actors
pecheneg
Mystery Phrase Blitz: Oscar 'Best Actors'
pecheneg
F. Scott Fitzgerald Novels
LTH
Pick 3 Villains
ddd62291
Trending Topics
Disney
Anime
Harry Potter
Kpop
Crossword
NBA
Marvel
Pokémon
The Office
Soccer
Puzzle
Country
WWE
NFL
Song
Your Account Isn't Verified!
In order to create a playlist on Sporcle, you need to verify the email address you used during registration. Go to your
Sporcle Settings
to finish the process.
Report this User
Report this user for behavior that violates our
Community Guidelines
.
Details:
Send Report
Go to the Sporcle.com Mobile Site →
Comments